000 00929cam a22003137a 4500
003 CHAP
005 20220329140812.0
008 971013s1976 r 00010 d
010 _a57846
011 _a58818
035 _a62974
040 _cCHAP
090 _aFolleto 4246
100 0 0 _aSteele, John.
_9109574
245 1 4 _aThe agricultural ladder in a brazilian comunity
260 _aMadison, Wis. :
_bLand Tenure Center,
_c1976
300 _a19 p.
490 0 _aLTC
_v; 110
590 _aBATCH-UPD
_b10
_c20130110
_lUCH01
_h0604
590 _aBATCH-UPD
_b10
_c20130110
_lUCH01
_h2319
590 _aCONVERSION
_b10
_c20130109
_lUCH01
_h1331
650 1 4 _aAgricultura
_xTrabajadores
_xBrasil.
_91846
700 0 _aKanel, Don.
_962670
710 _aLand Tenure Center. Madison, Wis.
_964637
830 0 _aLTC
_v; 110
_968830
901 _aBK
942 _cFOLL
949 _aFolleto 4246
_bBC
_cFOLL
_d-135141
_eTS1
_i62974
_mD
_si
999 _c57846
_d57846